Central Library OPAC University of Rajshahi

Mental tests : (Record no. 30461)

MARC details
000 -LEADER
fixed length control field 00758nam a2200241 a 4500
001 - CONTROL NUMBER
control field 30461
003 - CONTROL NUMBER IDENTIFIER
rucl marc code BD-RjUL
005 - DATE AND TIME OF LATEST TRANSACTION
control field 20211209051552.0
008 - FIXED-LENGTH DATA ELEMENTS--GENERAL INFORMATION
fixed length control field 161121s1939 nyua 001 0 eng
035 ## - SYSTEM CONTROL NUMBER
System control number (BD-RjUL)30547
040 ## - CATALOGING SOURCE
Original cataloging agency DLC
Transcribing agency OClU
Modifying agency MdU-H
-- DLC
-- BD-RjUL
Language of cataloging eng
041 ## - LANGUAGE CODE
Language code of text/sound track or separate title eng
082 ## - DEWEY DECIMAL CLASSIFICATION NUMBER
Classification number 153.93
Author mark and year FRM 1939
Edition number 23
100 1# - MAIN ENTRY--PERSONAL NAME
Personal name Freeman, Frank N.
Fuller form of name (Frank Nugent),
Dates associated with a name 1880-1961.
9 (RLIN) 92570
245 00 - TITLE STATEMENT
Title Mental tests :
Remainder of title their history, principles & applications /
Statement of responsibility, etc. by Frank N. Freeman ...
250 ## - EDITION STATEMENT
Edition statement Rev. ed.
260 ## - PUBLICATION, DISTRIBUTION, ETC. (IMPRINT)
Place of publication, distribution, etc. New York :
Name of publisher, distributor, etc. Houghton Mifflin Company,
Date of publication, distribution, etc. c1939.
300 ## - PHYSICAL DESCRIPTION
Pagination x, 460 p. :
Illustrations ill. ;
Size 19 cm.
490 0# - SERIES STATEMENT
Series statement Riverside textbooks in education.
500 ## - GENERAL NOTE
General note Includes index.
650 #0 - SUBJECT ADDED ENTRY--TOPICAL TERM
Topical term or geographic name as entry element Mental tests
9 (RLIN) 92571
942 ## - ADDED ENTRY ELEMENTS (KOHA)
Source of classification or shelving scheme Dewey Decimal Classification
Koha item type Books
Holdings
Lost status Source of classification or shelving scheme Damaged status Not for loan Collection code Permanent Location Current Location Shelving location Date acquired Source of acquisition Cost, normal purchase price Total Checkouts Full call number Date last seen Copy number Koha item type
  Dewey Decimal Classification   Not For Loan Non-fiction Central Library, University of Rajshahi Central Library, University of Rajshahi   19/02/1955 WBC, Dacca 15.12   153.93 FRM 1939 10/04/2014 C-1 Books
  Dewey Decimal Classification     Non-fiction Central Library, University of Rajshahi Central Library, University of Rajshahi   19/09/1955 P.R.P 13.60   153.93 FRM 1939 21/11/2016 C-2 Books